LEADER 00994nam a2200265 i 4500 001 000000152366 003 CaOOAMICUS 005 20060804000000.0 008 060804s1975 it u000 u ita u 013 $a129707 040 $aSeMil$bita 100 1 $aFavati, Guido.$0(OLS)http://semarc/name/59774 245 10$aInchiesta sul dolce Stil Nuovo /$cGuido Favati. 260 $aFirenze :$bLe Monnier,$c1975. 300 $a383 p. ;$c20 cm. 490 0 $aNuova serie ;$vQuad.26 500 $aContiene : Appendici. - Fondo Ciprandi. 650 4$aDolce stil nuovo.$0(OLS)http://semarc/subject/15146 830 0$aNuova serie ;$vQuad.26.$0(OLS)http://semarc/title/8044 850 $aSeMil 852 $aSeMil$W1$xVenegono$y1$m1D III 151$j104325$B104325$CSeMilBibl$Z2$F113383 $81 941 1 $a1 961 $aOmaggio: Ciprandi dott. Paolo 996 $6245$aInchiesta sul dolce Stil Nuovo$9(OLS)http://semarc/title/222778 996 $6260$aFirenze :$bLe Monnier$9(OLS)http://semarc/publisher/30060 LEADER 01105nam a2200265 i 4500 001 000000052674 003 CaOOAMICUS 005 20220913115003.0 008 120414s1956 it u000 u ita u 013 $a23846 040 $aSeMil$bita 100 1 $aRicour, Pierre.$0(OLS)http://semarc/name/25991 240 10$aComment réussir mes études.$0(OLS)http://semarc/title/80941 245 10$aCome riuscire negli studi /$cdi Pierre Ricour. 260 $aRoma :$bPaoline,$cstampa 1956. 300 $a115 p. ;$c18 cm. 490 0 $aPsychologica : collana universale di psicologia e pedagogia ;$v41 500 $aRilegato con: 2D I 147/A-B-C 650 4$aEducazione intellettuale.$0(OLS)http://semarc/subject/10874 830 0$aPsychologica : collana universale di psicologia e pedagogia ;$v41.$0(OLS)http://semarc/title/417 850 $aSeMil 852 $aSeMil$W1$xVenegono$y1$m2D I 147/D$j18828$B18828$CSeMilBibl$Z2$F18830 $81 996 $6245$aCome riuscire negli studi$9(OLS)http://semarc/title/80940 996 $6260$aRoma :$bPaoline$9(OLS)http://semarc/publisher/29686